[Event "SLO-chT 12th"]
[Site "Bled"]
[Date "2002.11.19"]
[Round "3"]
[White "Podlesnik, Bogdan"]
[Black "Starcic, Tadej"]
[Result "1-0"]
[WhiteElo "2385"]
[BlackElo "2205"]
[PlyCount "124"]
[EventDate "2002.11.18"]
[EventType "team-tourn"]
[EventRounds "9"]
[EventCountry "SLO"]
[SourceTitle "EXT 2005"]
[Source "ChessBase"]
[SourceDate "2004.11.15"]
[SourceVersion "1"]
[SourceVersionDate "2004.11.15"]
[SourceQuality "1"]
[WhiteTeam "Ljubljana Metalka Trgovina"]
[BlackTeam "Ljubljana Vidmar"]
[WhiteTeamCountry "SLO"]
[BlackTeamCountry "SVK"]

1. e4 c5 2. Nf3 d6 3. d4 cxd4 4. Nxd4 Nf6 5. Nc3 g6 6. Be2 Bg7 7. 0-0 Nc6 8. Be3 0-0 9. f4 Qb6 10. Qd3 Ng4 11. Bxg4 Bxd4 12. Bxd4 Qxd4+ 13. Qxd4 Nxd4 14. Bd1 Be6 15. Rf2 Rac8 16. a4 Rc4 17. Nb1 Bd7 18. c3 Ne6 19. f5 Ng7 20. Nd2 Rc5 21. f6 exf6 22. Rxf6 Be6 23. Bc2 d5 24. Nb3 Rc7 25. Nd4 dxe4 26. Bxe4 a6 27. h3 Re8 28. Bf3 Nf5 29. Nxf5 Bxf5 30. Rb6 Bc8 31. Rd1 Kf8 32. Rd4 f5 33. Kf2 Re6 34. Rxe6 Bxe6 35. Rb4 Bc8 36. Ke3 g5 37. Kd4 g4 38. Bd5 gxh3 39. gxh3 Ke7 40. Ke5 Kd8 41. h4 Re7+ 42. Kf6 Rd7 43. c4 Kc7 44. Rb3 Rd6+ 45. Ke5 Rg6 46. Bf3 Rg3 47. h5 b6 48. Kf4 Rg1 49. Re3 Kd6 50. Re8 Be6 51. Rb8 Kc5 52. b4+ Kxc4 53. Rxb6 Re1 54. a5 Kc3 55. b5 axb5 56. a6 b4 57. a7 Ra1 58. a8Q Rxa8 59. Bxa8 Bf7 60. h6 b3 61. Kxf5 Bg6+ 62. Rxg6 hxg6+ 1-0

[Event "Faakersee op 18th"]
[Site "Latschach"]
[Date "2002.08.17"]
[Round "9"]
[White "Starcic, Tadej"]
[Black "Rutten, David"]
[Result "1-0"]
[WhiteElo "2242"]
[BlackElo "1719"]
[PlyCount "57"]
[EventDate "2002.08.??"]
[EventType "swiss"]
[EventRounds "9"]
[EventCountry "AUT"]
[SourceTitle "EXT 2006"]
[Source "ChessBase"]
[SourceDate "2005.11.24"]
[SourceVersion "1"]
[SourceVersionDate "2005.11.24"]
[SourceQuality "1"]

1. d4 Nf6 2. c4 c5 3. d5 b5 4. a4 b4 5. Nd2 d6 6. g3 g6 7. b3 Bg7 8. Bb2 0-0 9. Bg2 Nbd7 10. Nh3 Nh5 11. Ra2 Bxb2 12. Rxb2 Ne5 13. 0-0 Ng4 14. e4 h6 15. Qe2 f5 16. f3 Ngf6 17. e5 dxe5 18. Qxe5 Qd6 19. Re1 Kf7 20. f4 Ng4 21. Qe2 Ngf6 22. Nf2 Bb7 23. Nd3 Nxd5 24. cxd5 Nf6 25. Qe6+ Kg7 26. Qxe7+ Qxe7 27. Rxe7+ Rf7 28. Rxf7+ Kxf7 29. Ne5+ 1-0

[Event "Faakersee op 18th"]
[Site "Latschach"]
[Date "2002.08.12"]
[Round "4"]
[White "Kainz, Josef"]
[Black "Starcic, Tadej"]
[Result "1/2-1/2"]
[WhiteElo "2064"]
[BlackElo "2242"]
[PlyCount "59"]
[EventDate "2002.08.??"]
[EventType "swiss"]
[EventRounds "9"]
[EventCountry "AUT"]
[SourceTitle "EXT 2006"]
[Source "ChessBase"]
[SourceDate "2005.11.24"]
[SourceVersion "1"]
[SourceVersionDate "2005.11.24"]
[SourceQuality "1"]

1. d4 Nf6 2. c4 g6 3. Nc3 Bg7 4. e4 d6 5. f4 c5 6. d5 0-0 7. Nf3 e6 8. Be2 exd5 9. cxd5 Bg4 10. 0-0 Re8 11. h3 Bxf3 12. Bxf3 Nbd7 13. g4 h6 14. h4 Nh7 15. g5 hxg5 16. hxg5 a6 17. a4 Rb8 18. Qd3 f6 19. e5 fxe5 20. Qxg6 exf4 21. Bxf4 Ne5 22. Qh5 Qd7 23. Ne4 Nxf3+ 24. Qxf3 Bd4+ 25. Kg2 Rxe4 26. Qxe4 Qg4+ 27. Kh2 Qh4+ 28. Kg2 Qg4+ 29. Kh2 Qh4+ 30. Kg2 1/2-1/2

[Event "Faakersee op 18th"]
[Site "Latschach"]
[Date "2002.08.11"]
[Round "3"]
[White "Starcic, Tadej"]
[Black "Brauer, Christian E"]
[Result "0-1"]
[WhiteElo "2242"]
[BlackElo "2168"]
[PlyCount "89"]
[EventDate "2002.08.??"]
[EventType "swiss"]
[EventRounds "9"]
[EventCountry "AUT"]
[SourceTitle "EXT 2006"]
[Source "ChessBase"]
[SourceDate "2005.11.24"]
[SourceVersion "1"]
[SourceVersionDate "2005.11.24"]
[SourceQuality "1"]

1. d4 d5 2. c4 c6 3. Nc3 Nf6 4. Nf3 dxc4 5. a4 Bf5 6. e3 e6 7. Bxc4 Bb4 8. 0-0 Nbd7 9. Qe2 0-0 10. e4 Bg6 11. Bd3 c5 12. e5 cxd4 13. Bxg6 hxg6 14. Nb5 Nd5 15. Rd1 a6 16. Nbxd4 Rc8 17. Ng5 Rxc1 18. Raxc1 Qxg5 19. Nf3 Qf5 20. Rc4 N7b6 21. Re4 g5 22. g4 Qg6 23. h4 gxh4 24. Nxh4 Qh6 25. Ng2 Rc8 26. a5 Bxa5 27. g5 Qxg5 28. Rg4 Qf5 29. Rd3 Rc4 30. f4 Qe4 31. Qd1 g6 32. Rh4 Rc1 33. Rh8+ Kxh8 34. Rh3+ Kg7 35. Qxc1 Qc4 36. Qd1 Qc5+ 37. Kh2 Nc4 38. f5 exf5 39. b4 Bxb4 40. Qf3 Bc3 41. Nh4 Bxe5+ 42. Kh1 Nce3 43. Nxf5+ Nxf5 44. Qd1 Nde3 45. Rf3 0-1

[Event "Faakersee op 18th"]
[Site "Latschach"]
[Date "2002.08.10"]
[Round "1"]
[White "Starcic, Tadej"]
[Black "Sommerbauer, Adolf"]
[Result "1-0"]
[WhiteElo "2242"]
[BlackElo "1775"]
[PlyCount "119"]
[EventDate "2002.08.??"]
[EventType "swiss"]
[EventRounds "9"]
[EventCountry "AUT"]
[SourceTitle "EXT 2006"]
[Source "ChessBase"]
[SourceDate "2005.11.24"]
[SourceVersion "1"]
[SourceVersionDate "2005.11.24"]
[SourceQuality "1"]

1. d4 Nf6 2. c4 g6 3. Nc3 d5 4. cxd5 Nxd5 5. e4 Nxc3 6. bxc3 Bg7 7. Nf3 0-0 8. Be2 c5 9. Rb1 cxd4 10. cxd4 Qa5+ 11. Qd2 Nc6 12. Qxa5 Nxa5 13. Bd2 Nc6 14. d5 Nd4 15. Nxd4 Bxd4 16. Bb4 Bf6 17. f4 a5 18. Bc5 Bc3+ 19. Kf2 Bb4 20. Rhc1 Rd8 21. Bb6 Rf8 22. Bc5 Rd8 23. Bxb4 axb4 24. Rc2 e6 25. Rxb4 exd5 26. Rd4 Be6 27. Rcd2 Ra5 28. Bf3 Rda8 29. exd5 Bd7 30. d6 R8a7 31. Bd5 Kf8 32. g3 b6 33. Re2 Bg4 34. Rb2 b5 35. Ke3 Ke8 36. Bc6+ Bd7 37. Bd5 Be6 38. Ke4 Kd7 39. Bxe6+ fxe6 40. Rdd2 R7a6 41. Ke5 b4+ 42. Kf6 Rxd6 43. Kg7 Rxd2 44. Rxd2+ Rd5 45. Rb2 g5 46. fxg5 Rxg5+ 47. Kxh7 Rc5 48. g4 Rc4 49. g5 Ke7 50. Kg7 e5 51. g6 Rg4 52. Kh6 Kf8 53. Kh5 Rd4 54. h4 e4 55. Kh6 e3 56. h5 Re4 57. Kh7 Re7+ 58. Kh8 b3 59. axb3 e2 60. Rxe2 1-0

[Event "SLO-ch"]
[Site "Dobrna"]
[Date "2002.08.04"]
[Round "2"]
[White "Brinovec, Dusan"]
[Black "Starcic, Tadej"]
[Result "1-0"]
[WhiteElo "2178"]
[BlackElo "2242"]
[PlyCount "63"]
[EventDate "2002.08.03"]
[EventType "k.o."]
[EventRounds "7"]
[EventCountry "SLO"]
[SourceTitle "CBM 089 Extra"]
[Source "ChessBase"]
[SourceDate "2002.09.10"]
[SourceVersion "2"]
[SourceVersionDate "2002.09.10"]
[SourceQuality "1"]

1. d4 Nf6 2. Nf3 g6 3. Nc3 d5 4. Bg5 Nbd7 5. Qd3 Bg7 6. h4 c6 7. g3 b5 8. a3 0-0 9. Bh3 a5 10. Bxd7 Bxd7 11. Bxf6 exf6 12. h5 Re8 13. hxg6 hxg6 14. Nh4 b4 15. Na4 Qe7 16. Nc5 Bg4 17. e3 Bf8 18. a4 Qc7 19. Nb3 Kg7 20. Kd2 Bd6 21. f3 Bc8 22. g4 Ba6 23. Nf5+ gxf5 24. Qxf5 Rh8 25. g5 Rxh1 26. Qxf6+ Kf8 27. Rxh1 Ke8 28. Rh8+ Bf8 29. Nc5 Qd8 30. Rxf8+ Kxf8 31. Ne6+ Ke8 32. Nxd8 1-0

[Event "SLO-ch"]
[Site "Dobrna"]
[Date "2002.08.04"]
[Round "2"]
[White "Starcic, Tadej"]
[Black "Brinovec, Dusan"]
[Result "0-1"]
[WhiteElo "2242"]
[BlackElo "2178"]
[PlyCount "78"]
[EventDate "2002.08.03"]
[EventType "k.o."]
[EventRounds "7"]
[EventCountry "SLO"]
[SourceTitle "CBM 089 Extra"]
[Source "ChessBase"]
[SourceDate "2002.09.10"]
[SourceVersion "2"]
[SourceVersionDate "2002.09.10"]
[SourceQuality "1"]

1. d4 Nf6 2. c4 e6 3. Nc3 d5 4. Bg5 Be7 5. e3 c6 6. Nf3 Nbd7 7. Rc1 h6 8. Bh4 0-0 9. Bd3 Re8 10. 0-0 dxc4 11. Bxc4 b5 12. Bd3 a6 13. a4 Bb7 14. Qe2 Qb6 15. Rfd1 Rac8 16. Ne5 b4 17. Bxf6 Nxf6 18. Nb1 c5 19. Nd2 cxd4 20. Ndc4 Qd8 21. exd4 Bf8 22. Bb1 Qe7 23. f4 Red8 24. Kh1 Rd5 25. Rd2 Rdd8 26. Re1 Qc7 27. f5 Bd5 28. b3 Re8 29. Rf1 Rcd8 30. fxe6 Rxe6 31. h3 g6 32. h4 Bg7 33. Qd1 Re7 34. Kg1 h5 35. Rdf2 Bxc4 36. Nxc4 Ng4 37. Rf4 Rxd4 38. Qc1 Rxf4 39. Rxf4 Qxf4 0-1

[Event "SLO-chT West"]
[Site "Bled"]
[Date "2001.11.18"]
[Round "4"]
[White "Starcic, Tadej"]
[Black "Vavpetic, Vide"]
[Result "1-0"]
[WhiteElo "2248"]
[BlackElo "2269"]
[PlyCount "53"]
[EventDate "2001.11.18"]
[EventType "team-tourn"]
[EventRounds "7"]
[EventCountry "SLO"]
[SourceTitle "EXT 2003"]
[Source "ChessBase"]
[SourceDate "2002.11.25"]
[SourceVersion "1"]
[SourceVersionDate "2002.11.25"]
[SourceQuality "1"]

1. d4 Nf6 2. c4 g6 3. Nc3 Bg7 4. e4 d6 5. f3 0-0 6. Be3 e5 7. d5 c6 8. Qd2 cxd5 9. cxd5 Nh5 10. Nge2 f5 11. 0-0-0 fxe4 12. Nxe4 Na6 13. N2c3 Nc7 14. Bg5 Qd7 15. Kb1 b5 16. h4 b4 17. Ne2 a5 18. g3 Nf6 19. Bh3 Qe7 20. Bxc8 Raxc8 21. Bxf6 Bxf6 22. h5 Bg7 23. Qd3 Ne8 24. g4 Bf6 25. hxg6 hxg6 26. Rh6 Qf7 27. Nxf6+ 1-0